| 000 | 00000nam 2200000za 4500 |
| 001 | 9.825953 |
| 003 | CaOODSP |
| 005 | 20221107144457 |
| 007 | cr ||||||||||| |
| 008 | 161018s2016 quc o f00| 0 eng d |
| 020 | |a978-0-660-06577-9 |
| 040 | |aCaOODSP|beng |
| 043 | |an-cn--- |
| 086 | 1 |aEn4-291/2016E-PDF |
| 245 | 00|aCanada's mid-century long-term low-greenhouse gas development strategy |h[electronic resource]. |
| 246 | 17|aCanada's mid-century long-term low-greenhouse gas development strategy |
| 260 | |aGatineau, Quebec : |bEnvironment and Climate Change Canada, |c2016. |
| 300 | |aiii, 87 p. |
| 500 | |aIssued also in French under title: Stratégie canadienne de réduction des émissions de gaz à effet de serre visant le milieu du siècle et à long terme. |
| 504 | |aIncludes bibliographic references. |
| 692 | 07|2gccst|aClimate change |
| 692 | 07|2gccst|aGreenhouse gases |
| 710 | 1 |aCanada. |bEnvironment and Climate Change Canada. |
| 775 | 08|tStratégie canadienne de développement à faible émission de gaz à effet de serre à long terme pour le milieu du siècle |w(CaOODSP)9.825955 |
| 776 | 0#|tCanada's mid-century, long-term low greenhouse gas emission development strategy |w(CaOODSP)9.825954 |
| 856 | 40|qPDF|s2.44 MB|uhttps://publications.gc.ca/collections/collection_2017/eccc/En4-291-2016-eng.pdf |